Personnages THE MAZE RUNNER par images - Statistiques

Statistiques générales
  • Ce quiz a été pris 205 fois
  • Le résultat moyen est 12 sur 24
Statistiques - réponses
Par images Réponse % Correct
Thomas
98%
Newt
97%
Teresa
90%
Minho
89%
Alby
79%
Chuck
78%
Gally
74%
Brenda
63%
Ava
57%
Frypan
57%
Winston
55%
Ben
54%
Aris
51%
Jorge
40%
Janson
37%
Sonya
34%
Harriet
28%
Mary
28%
Vince
27%
Jeff
24%
Zart
23%
Marcus
19%
Clint
11%
Jack
7%
Aucun quiz correspondant
Distribution des résultats
% des personnes avec chaque résultat
Percentile par nombre de réponses
Votre historique - résultats
Vous n’avez pas pris ce quiz